Zelda BotW: Charaktere nach Bild - Statistiken

Allgemein
  • Dieses Quiz wurde 14 mal gespielt
  • Das Durchschnittsergebnis liegt bei 16 aus 23
Antwortstatistiken
Bildquiz Antwort % Korrekt
Link
100%
Zelda
100%
Mipha
93%
Urbosa
93%
Impa
86%
Revali
86%
Sidon
86%
Daruk
79%
Deku-Baum
79%
Maronus
79%
Purah
71%
Terri
71%
Yunobo
71%
Kilton
64%
Riju
64%
Teba
64%
Kashiwa
57%
Robelo
57%
Dorephan
43%
Paya
43%
Rhoam Bosphoramus Hyrule
36%
Bludo
21%
Kaneli
21%
Keine übereinstimmenden Quizze gefunden
Verteilung der Resultate
Anzahl Personen mit jedem Resultat
Perzentil nach korrekt beantworteten Fragen
Ihre Resultats-Entwicklung
Sie haben dieses Quiz noch nicht gespielt